000 00913cad a22002535a 4500
001 E152425
008 110307s2011 xxk s000 0 eng u
020 _a9781780450421
035 _a(Sirsi) u152425
041 _aeng
050 0 4 _a711.1 $2 18
110 _aScotland
_bScottish Government
_95344
245 0 0 _aTechnical advice note
_bassessment of noise
_h[electronic resource]
260 _aEdinburgh
_bScottish Government
_c2011
490 _aTechnical Advice Note
520 _aOffers guidance on the technical evaluation of noise assessment, and the preparation of noise impact assessments.
521 _aAdvanced
590 _aKA
650 _aTAN
651 4 _aScotland
_y1999-
690 _aENVIRONMENTAL AND LAND CONSULTANCY-PLANNING AND DEVELOPMENT
856 4 0 _uhttps://www.scotland.gov.uk/Publications/2011/03/02104659/0
_zView the TAN free of charge at www.scotland.gov.uk
942 _n0
999 _c112055
_d112055